عرض عادي
عرض مارك
- Milton, John,
مدخل إسم شخص
001 - رقم الضبط
- حقل الضبط: 7550
003 - معرف رقم الضبط
- حقل الضبط: OSt
005 - تاريخ ووقت أخر عملية
- حقل الضبط: 20111210095708.0
008 - عناصر بيانات ثابتة الطول
- حقل تحكم ثابت الطول: 111210|||a|||||| | ||| d
040 ## - مصدر الفهرسة
- هيئة الفهرسة الأصلية: OSt
- وكالة الكتابة: OSt
100 ## - مدخل -- أسم شخص
- إسم شخص: Milton, John,
- تواريخ مرتبطة بالاسم: 1608-1674
- تفريع عام: Criticism and interpretation.
670 ## - بيانات المصدر موجوده
- الاستشهاد بالمصدر: Work cat.: (OSt)0: Reisner, Noam, 1974- 7549, Milton and the ineffable /, 2009.
